Statistics for Former Spouses Quiz #1

Click here to take the quiz!

General Stats

  • This quiz has been taken 12,115 times
  • The average score is 14 of 24

Answer Stats

CelebrityYearsFormer Spouse% Correct
Jennifer Aniston2000-2005Brad Pitt
95%
Tom Cruise1990-2001Nicole Kidman
91%
Tom Cruise2006-2012Katie Holmes
78%
Demi Moore2005-2013Ashton Kutcher
78%
Demi Moore1987-2000Bruce Willis
76%
Billy Bob Thornton2000-2003Angelina Jolie
75%
Michael Jackson1994-1996Lisa Marie Presley
68%
Sean Penn1985-1989Madonna
65%
Nick Lachey2002-2006Jessica Simpson
59%
Madonna2000-2008Guy Ritchie
57%
Britney Spears2004-2007Kevin Federline
56%
Pamela Anderson1995-1998Tommy Lee
55%
Heather Mills2002-2008Paul McCartney
53%
Elizabeth Taylor1964-1974
1975-1976
Richard Burton
53%
Ryan Phillippe1999-2007Reese Witherspoon
53%
Marilyn Monroe1954Joe DiMaggio
51%
Jesse James2005-2010Sandra Bullock
43%
Tom Green2001-2002Drew Barrymore
42%
Alec Baldwin1993-2002Kim Basinger
41%
Ted Turner1991-2001Jane Fonda
38%
Loni Anderson1988-1993Burt Reynolds
36%
Marilyn Monroe1956-1961Arthur Miller
34%
Julia Roberts1993-1995Lyle Lovett
33%
Linda Hamilton1997-1999James Cameron
23%

Score Distribution

Percentile by Number Answered

Percent of People with Each Score

Your Score History

You have not taken this quiz